000 00472nam a2200181Ia 4500
999 _c14498
_d14498
003 OSt
005 20201106112103.0
008 190216s9999||||xx |||||||||||||| ||und||
020 _a9780230750654
040 _coclc
082 _a813.54
_bCOO/C
100 _aCook, Robin
_94691
245 0 _aCure /
_cRobin Cook
260 _bMacmillan,
_c2010.
_aLondon:
300 _a396p
650 _aEnglish
942 _cBK
_2ddc
_h813.54
_iCOO/C
_k813.54
_mCOO/C